| 000 | 01368cam a22004214i 4500 | ||
|---|---|---|---|
| 003 | PE-LiUPU | ||
| 005 | 20250731173556.0 | ||
| 008 | 150623s r 000 0 d | ||
| 020 | _a9781564271501 | ||
| 035 | _a(Sirsi) i9780310346210 | ||
| 040 |
_aPE-LiUPU _bspa _cPE-LiUPU _erda |
||
| 049 | _aPRUA | ||
| 082 | 0 | 4 |
_a248.6 _bC953m _223 |
| 110 |
_aCrown Financial Ministeries, Inc. _9920 |
||
| 245 | 1 | 0 |
_aBiblical financial study : _bSmall Group Student Manual / _cCrown Financial Ministeries, Inc. |
| 264 | 1 |
_aGainesville GA : _bCrown Financial Ministeries, _c2003. |
|
| 300 |
_a182 páginas ; _c28 centímetros |
||
| 336 |
_atext _2rdacontent |
||
| 337 |
_aunmediated _2rdamedia |
||
| 338 |
_avolume _2rdacarrier |
||
| 504 | _aIncluye bibliografía. | ||
| 505 | 0 | _aIntroduction -- God's Part/Our Part -- Debt -- Counsel -- Honesty -- Giving -- Work -- Investing -- Perspective -- Eternity. | |
| 526 | _aSEG42 | ||
| 526 | _aSEG41 | ||
| 526 | _aSEG40 | ||
| 526 | _aSEG39 | ||
| 526 | _aP94 | ||
| 526 | _aP87 | ||
| 526 | _aP86 | ||
| 526 | _aP85 | ||
| 526 | _aP77 | ||
| 526 | _aP76 | ||
| 526 | _aP35 | ||
| 650 | 0 |
_aEconomía doméstica _vGuías de estudio _xEnseñanza bíblica _9921 |
|
| 942 |
_2ddc _cBK |
||
| 999 |
_c61695 _d61695 |
||
| 980 |
_618226 _aJaime Vilcazán Jefe de Análisis Documental _81 _gALBERTO SANCHEZ Responsable de Automatización |
||